[Event "Vadsosjakken op"]
[Site "Vadso"]
[Date "2008.08.30"]
[Round "3"]
[White "Hammari, Jan Arnt"]
[Black "Gainulov, Valerij"]
[Result "1/2-1/2"]
[WhiteElo "1499"]
[BlackElo "1450"]
[PlyCount "122"]
[EventDate "2008.08.??"]
[EventType "swiss"]
[EventRounds "5"]
[EventCountry "NOR"]
[SourceTitle "EXT 2010"]
[Source "ChessBase"]
[SourceDate "2010.11.25"]
[SourceVersion "1"]
[SourceVersionDate "2010.11.25"]
[SourceQuality "1"]

1. c4 e5 2. Nc3 Nf6 3. g3 Nc6 4. Bg2 Be7 5. e3 0-0 6. Nge2 b6 7. d4 exd4 8. exd4 Bb7 9. d5 Ne5 10. b3 d6 11. 0-0 Qd7 12. Nf4 Rae8 13. Bh3 Qd8 14. Nb5 a6 15. Nd4 Bc8 16. Bg2 Bg4 17. Qc2 Qc8 18. f3 Bd7 19. Nd3 Bf5 20. Nxf5 Qxf5 21. Nb4 Qc8 22. f4 Ng6 23. Nc6 Ng4 24. Nxe7+ Rxe7 25. Qd3 Rfe8 26. Bh3 h5 27. Bd2 f5 28. Bxg4 hxg4 29. Rae1 Re4 30. Rxe4 Rxe4 31. Re1 Qe8 32. Rxe4 Qxe4 33. Qxe4 fxe4 34. Kf2 Kf7 35. Ke3 Ne7 36. Kxe4 g6 37. Be3 a5 38. a3 Nf5 39. Bf2 Ke7 40. b4 a4 41. h3 gxh3 42. Kf3 Nh6 43. Bg1 Kf6 44. g4 g5 45. Bd4+ Kg6 46. f5+ Nxf5 47. gxf5+ Kxf5 48. Bg1 g4+ 49. Kg3 Ke4 50. Kxg4 Kd3 51. c5 b5 52. cxd6 cxd6 53. Kxh3 Kc4 54. Be3 Kxd5 55. Bf4 Kc4 56. Bxd6 Kb3 57. Kg3 Kxa3 58. Kf3 Kb3 59. Ke3 a3 60. Kd3 a2 61. Be5 Kxb4 1/2-1/2

[Event "Vadsosjakken op"]
[Site "Vadso"]
[Date "2008.08.29"]
[Round "1"]
[White "Utsi, Nils R"]
[Black "Gainulov, Valerij"]
[Result "0-1"]
[WhiteElo "1139"]
[BlackElo "1450"]
[PlyCount "50"]
[EventDate "2008.08.??"]
[EventType "swiss"]
[EventRounds "5"]
[EventCountry "NOR"]
[SourceTitle "EXT 2010"]
[Source "ChessBase"]
[SourceDate "2010.11.25"]
[SourceVersion "1"]
[SourceVersionDate "2010.11.25"]
[SourceQuality "1"]

1. d4 e6 2. e4 d5 3. Nd2 Nf6 4. e5 Nfd7 5. f4 c5 6. Ngf3 Nc6 7. c3 Qb6 8. Nb3 cxd4 9. Nbxd4 Nc5 10. Bd3 Be7 11. 0-0 Bd7 12. b3 Rc8 13. Be3 Nxd3 14. Qxd3 Bc5 15. Rac1 Nxd4 16. Nxd4 Bb5 17. c4 Ba6 18. Kh1 0-0 19. Rf3 Rfd8 20. Qc3 dxc4 21. Rd1 cxb3 22. axb3 Bxd4 23. Bxd4 Rxc3 24. Bxb6 Rxd1+ 25. Bg1 Rcc1 0-1